000 01161nam a22003257a 4500
003 CHAP
005 20220329134347.0
008 971013s1963 r 00010 d
010 _a19321
011 _a20293
035 _a24381
040 _cCHAP
082 _a574
_bA56
110 _aAmerican Institute of Biological Sciences. Biological Sciences Curriculum Study
_95251
245 _aResearch problems in biology; investigations for students
260 _aGarden City, N.Y., :
_bDobleday,
_c1963- .
300 _av
500 _aLa biblioteca tiene : v.1-4
590 _aBATCH-UPD
_b10
_c20130110
_lUCH01
_h1805
590 _aBATCH-UPD
_b10
_c20130410
_lUCH01
_h1141
590 _aBATCH-UPD
_b10
_c20130914
_lUCH01
_h0633
590 _aCONVERSION
_b10
_c20130109
_lUCH01
_h1312
650 1 4 _aBiologĂ­a.
_912773
901 _aBK
942 _cLIBRO
949 _a574 A56
_bBC
_cLIBRO
_d-56217
_eLIBRO
_fv.2
_h15320
_i24381
_si
949 _a574 A56
_bBC
_cLIBRO
_d33724000457727
_eLIBRO
_fv.4
_h15322
_i24381
_si
949 _a574 A56
_bBC
_cLIBRO
_d33724000457735
_eLIBRO
_fv.3
_h15321
_i24381
_si
949 _a574 A56
_bBC
_cLIBRO
_d33724000457743
_eLIBRO
_fv.1
_h15319
_i24381
_si
999 _c19321
_d19321